| 000 | nam a22 7a 4500 | ||
|---|---|---|---|
| 999 |
_c233746 _d233746 |
||
| 005 | 20170310162320.0 | ||
| 008 | 170310b xxu||||| |||| 00| 0 eng d | ||
| 040 | _c. | ||
| 082 | _aBB-369 | ||
| 100 | _aYielding, Damage and Failure of Anisotropic Solids | ||
| 245 |
_aYielding, Damage and Failure of Anisotropic Solids / _cBoehler, J. P. |
||
| 260 |
_aLondon, _bMEP _c1990. |
||
| 300 |
_a822p. ; _c24 cm. |
||
| 942 |
_2ddc _cBK |
||